000 00678nam a2200265Ia 4500
001 27328
005 20240114001000.0
007 ta
008 060523s g b000 u 465 u
040 _aCotton College Assam
041 _a465
082 _a131.34
_bP 481 P
100 _aPfister, Oskar .
245 0 _aThe Psychoanalytic Method /
_cOskar Pfister.
_hTextual Documents
250 _a1st ed. /
260 _aLondon :
_bKegan Paul ,
_cNd.
300 _avii,587p. ;
_c22cm.
504 _aIndex
653 _aPsychology
653 _aPsychoanalytic Method
653 _aG-Philosophy
942 _2ddc
_cBK
999 _c27310
_d27310